| 000 | 00947nam a22002417a 4500 | ||
|---|---|---|---|
| 999 |
_c19199 _d19199 |
||
| 003 | AR-CdUCM | ||
| 008 | 190516b ||||| |||| 00| 0 spa d | ||
| 040 |
_aMUNICIPALIDAD PROVINCIAL DEL CUSCO _cBIBLIOTECA MUNICIPAL DEL CUSCO |
||
| 041 | _hge | ||
| 082 |
_a377.6 / _bA473 |
||
| 100 |
_aAllers, Rudolf _940392 |
||
| 245 |
_aPedagogía sexual : _bfundamentos y líneas principales analítico-existenciales / |
||
| 260 |
_aBarcelona : _bEdit. Luis Miracle, _c1958. |
||
| 300 |
_a383 páginas ; _c22 cm. |
||
| 440 |
_aBiblioteca de Antropología _n18 _940393 |
||
| 505 | _aContenido: Personalidad y obra de Rudolf Allers -- De la autenticidad a la ejemplaridad -- El interés por el tema sexual... | ||
| 650 |
_aEducación sexual para adolescentes _940394 |
||
| 650 |
_aEducación _9460 |
||
| 650 |
_aPsicología de la sexualidad _940395 |
||
| 700 |
_aBrachfeld, Oliver (traducción) _940396 |
||
| 942 |
_2ddc _cLIBROS |
||
| 945 |
_adavv _d2019-05-16 |
||